01390nam a2200265 a 450000100100000000500170001000800410002704000250006808200200009310000380011324500770015126000360022830000200026450000630028459000260034765000280037365000310040191000380043295201320047095201320060295201320073495201180086695201230098499900170110700002835720240412074253.0110408s1988 dr r 000 p spa d aDO-SdBNPbspacBNPHU aRD861.44bM844p1 aMoreta Féliz, Altagracia92974410aUn poema para tí, un poema para el mundo /cAltagracia Moreta Féliz. aSanto Domingo :bBúho,c1988. a52 p. ;c21 cm. aIncluye datos biográficos del autor en la contracubierta aInventariado, 2018/BT 0aPoesía dominicana966 0aLiteratura dominicana.967 aValidado. Control de calidad. MFF 001054708DSaGRbGRcHDd2011-04-13iLF1l0oRD861.44 M844pp28357-30r2020-06-25te.3w2020-06-25yLFDSZPréstamo en sala 001054708DSaGRbGRcHDd2011-04-13iLF1l0oRD861.44 M844pp28357-40r2020-06-25te.4w2020-06-25yLFDSZPréstamo en sala 001054708DSaGRbGRcHDd2011-11-22iLF1l0oRD861.44 M844pp28357-50r2020-06-25te.5w2020-06-25yLFDSZPréstamo en sala 0010718PDaPDbPDcHDd2011-04-08iLF1l0oRD861.44 M844pp28357-10r2020-06-25w2020-06-25yLFPDZNo se presta 0010718PDaPDbPDcHDd2011-04-08iLF1l0oRD861.44 M844pp28357-20r2020-06-25te.2w2020-06-25yLFPDZNo se presta c27849d27849